000 01050nam a22002657a 4500
005 20170124103031.0
010 _aA-777085
020 _c10.00
035 _aA-777085
037 _bCen Lib/Ret
040 _aDPL
_bHN
082 _a
_bभगत
100 _aभगतसिंह
_963794
245 _aआकाश दीप /
_cभगतसिंह
246 _aAkash deep /
_bby Bahagtsingh
260 _aनयी दिल्ली
_bमेंकुंट प्रेस
_c1968
270 _aए-78, नारायण इंडस्ट्रियल एरिया फेज 1
_bनयी दिल्ली
_e110028
300 _a131पृ.
_c19सेमी (सजिल्द)
490 _aसहायक पुस्तक माला
650 _aहिंदी साहित्य
_963795
650 _aहिंदी साहित्य
_xकहानियां
_963796
650 _aHindi literature
_963797
650 _aHindi literature
_xStories
_963798
942 _2ddc
_cHN
_h
_mभगत
999 _c115902
_d115902